| 000 | 00424cam a22001337a 4500 | ||
|---|---|---|---|
| 008 | 180718b1961 xxu||||| |||| 00| 0 eng d | ||
| 082 | _aT000x54 Ak46p | ||
| 245 |
_aThe Paths of planned economy in India _cby Akhil Bharat Sarva Seva Sangh |
||
| 260 |
_aKashi _bThe Sangh _c1961 |
||
| 300 | _a84p. | ||
| 500 | _aBound with T000x54/Ag15; Rs.1.00 | ||
| 650 | _aEconomic Planning - India | ||
| 700 | _aAkhil Bharat Sarva Seva Sangh | ||
| 999 |
_c357256 _d357256 |
||